Vocabulaire Français ➔ Anglais (Aléatoire) - Statistiques

Statistiques générales
  • Ce quiz a été pris 15 290 fois
    2 207 depuis la dernière actualisation
  • Le résultat moyen est 17 sur 30
Statistiques - réponses
Français Anglais % Correct
Roi King
100%
Mars (mois) March
100%
Lundi Monday
100%
Mardi Tuesday
100%
Froid Cold
98%
Chien Dog
97%
Visage Face
97%
Février February
97%
Apprendre Learn
97%
Mai May
97%
Mois Month
97%
Nord North
97%
Avril April
96%
Ananas Pineapple
96%
Pomme Apple
95%
Août August
95%
Docteur Doctor
95%
Yeux Eyes
95%
Tomate Tomato
95%
Ouest West
95%
Année Year
95%
Cœur Heart
94%
Juin June
94%
Serpent Snake
94%
Salle de bain Bathroom
93%
Pain Bread
93%
Lapin Bunny / Rabbit
93%
Venir Come
93%
Paradis Heaven / Paradise
93%
Septembre September
93%
Neige Snow
93%
Soleil Sun
93%
Mercredi Wednesday
93%
Semaine Week
93%
Hiver Winter
93%
Banane Banana
92%
Huile Oil
92%
Araignée Spider
92%
Éponge Sponge
92%
Chambre Bedroom
91%
Café Coffee
91%
Décembre December
91%
Vendredi Friday
91%
Cheveux Hair
91%
Sud South
91%
Étoile Star
91%
Oncle Uncle
91%
Noix de coco Coconut
90%
Jour Day
90%
Chiffre Digit / Figure / Number
90%
Juillet July
90%
Singe Monkey
90%
Novembre November
90%
École School
90%
Fraise Strawberry
90%
Bateau Boat / Ship
89%
Nuage Cloud
89%
Père Father
89%
Tête Head
89%
Chaud Hot / Warm
89%
Magasin Shop / Store
89%
Plage Beach
88%
Carte Card / Map
88%
Enfant Child / Kid
88%
Noël Christmas
88%
Équipe Crew / Team
88%
Pleurer Cry
88%
Grand-père Grandfather
88%
Mot clé Keyword
88%
Citron Lemon
88%
Reine Queen
88%
Pluie Rain
88%
Ciel Sky
88%
Espace Area / Space
87%
Guitare Guitar
87%
Janvier January
87%
Genou Knee
87%
Jambe Leg
87%
Lèvre Lip
87%
Mère Mother
87%
Élève Pupil / Student
87%
Sang Blood
86%
Cerveau Brain
86%
Annuler Call off / Cancel / Undo
86%
Attraper Catch / Grab
86%
Vache Cow
86%
Mouche / Voler Fly
86%
Enfer Hell
86%
Cochon Hog / Pig
86%
Souris Mouse
86%
Bouche Mouth
86%
Ongle Nail
86%
Nez Nose
86%
Octobre October
86%
Analyser Analyse
85%
Gâteau Cake
85%
Doigt Finger
85%
Cheval Horse
85%
Samedi Saturday
85%
Jeudi Thursday
85%
Traduire Translate
85%
Cerise Cherry
84%
Porte Door
84%
Est (point cardinal) East
84%
Or Gold
84%
Sable Sand
84%
Écureuil Squirrel
84%
Sucré Sugary / Sweet
84%
Loup Wolf
84%
Abeille Bee / Honeybee
83%
Papillon Butterfly
83%
Chat Cat
83%
Grand-mère Grandmother
83%
Esprit Mind / Spirit
83%
Lune Moon
83%
Jeux Olympiques Olympics / Olympic Games
83%
Arc-en-ciel Rainbow
83%
Bras Arm
82%
Mordre Bite
82%
Cousin Cousin
82%
Éléphant Elephant
82%
Crayon Pencil
82%
Requin Shark
82%
Adresse Address
81%
Vent Breeze / Wind
81%
Indice Clue / Hint
81%
Été Summer
81%
Vin Wine
81%
Crocodile Crocodile
80%
Grenouille Frog
80%
Journal Magazine / Newspaper
80%
En fait Actually / In fact
79%
Ours Bear
79%
Oreille Ear
79%
Neveu Nephew
79%
Riz Rice
79%
Tante Aunt
78%
Église Church
78%
Guerre civile Civil war
78%
Bureau Desk / Office
78%
Fantôme Ghost / Phantom
78%
Midi Midday / Noon
78%
Minuit Midnight
78%
Belle-mère Mother-in-law / Stepmother
78%
Soldat Soldier
78%
Enseigner Teach
78%
Renard Fox
77%
Amitié Friendship
77%
Moutarde Mustard
77%
Policier Policeman / Police officer
77%
Crier Scream / Shout / Yell
77%
Dent Tooth
77%
Vélo Bicycle / Bike
76%
Couronne Crown
76%
Moteur Engine / Motor
76%
Lune de miel Honeymoon
76%
Paysage Landscape / Scenery
76%
Avocat (métier) Lawyer
76%
Poumon Lung
76%
Champignon Mushroom
76%
Grossesse Pregnancy
76%
Épaule Shoulder
76%
Printemps Spring
76%
Sous-titre Subtitle
76%
Site web Website
76%
Chasser Chase / Hunt
75%
ADN DNA
75%
Mouton Sheep
75%
Dimanche Sunday
75%
Aveugle Blind
74%
Bombe Bomb
74%
Chèvre Goat
74%
Raisin Grape
74%
Infirmière Nurse
74%
Imprimer Print
74%
État State
74%
Stocker Stock / Store
74%
Estomac Stomach
74%
Poids Weight
74%
Aile Wing
74%
Arrêt de bus Bus stop
73%
Salé Salty
73%
Langue (organe) Tongue
73%
Lien Bond / Connection / Link
72%
Mourir Die / Pass away
72%
Chauve Bald
71%
Pont Bridge
70%
Dentiste Dentist
70%
Camion Lorry / Truck
70%
Gomme Eraser / Rubber
69%
Girafe Giraffe
69%
Météo Weather
69%
Sonnerie Bell / Ring
68%
Conducteur de bus Bus driver
68%
Flics Cops
68%
Beau-père Father-in-law / Stepfather
68%
Paroles Lyrics / Words
68%
Mélanger Mix / Stir
68%
Toit Roof
68%
Glisser Slide / Slip
68%
Sorcier Sorcerer / Wizard
68%
Dinde Turkey
68%
Architecte Architect
67%
De plus en plus Increasingly / More and more
67%
Moustique Mosquito
67%
Noix Nut / Walnut
67%
N'importe où Anywhere
66%
Maïs Corn / Maize
66%
Film d'horreur Horror film / Horror movie
66%
Laboratoire Laboratory
66%
Se garer Park
66%
Argent (métal) Silver
66%
Carton jaune Yellow card
66%
Donnée Data
65%
Clavier Keyboard / Keypad
65%
Oxygène Oxygen
65%
Pape Pope
65%
Orteil Toe
65%
Baleine Whale
65%
Tableau Board
64%
Respirer Breathe
64%
Siècle Century
64%
Virer (quelqu'un) Fire / Sack
64%
Poire (fruit) Pear
64%
Scorpion (signe astro) Scorpio
64%
Espionner Spy
64%
Carbone Carbon
63%
Éditeur Editor / Publisher
63%
Lézard Lizard
63%
Automne Autumn / Fall
62%
Barbe Beard
62%
Menton Chin
62%
Ciseaux Chisel / Scissors
62%
Livraison Delivery
62%
Imprimante Printer
62%
Outil Tool
62%
Évaluation Assessment / Evaluation
61%
Bande dessinée Comic / Comic book / Comic strip
61%
Chiot Puppy
61%
Monter à cheval Ride
61%
Boulanger Baker
60%
Sourcil Brow / Eyebrow
60%
Gémeaux (signe astro) Gemini
60%
Cligner (des yeux) Blink
59%
Caissier Cashier / Teller
59%
Point (ponctuation) Dot / Full stop / Period
59%
Jardinier Gardener
59%
Ascenseur Elevator / Lift
58%
Poil Hair
58%
Homard Lobster
58%
Escargot Snail
58%
Orage Storm / Thunderstorm
58%
Pouce (doigt) Thumb
58%
Poignet Wrist
58%
Entreprise Business / Company / Firm
57%
Marteau Hammer
57%
Jaguar Jaguar
57%
Ordinateur portable Laptop
57%
Cacahuète Peanut
57%
Fourmi Ant
56%
Chaton Kitten
56%
Hache Axe
55%
Cartable Book bag / Schoolbag
55%
Insecte Bug / Insect
55%
Joue Cheek
55%
Copier / Coller Copy / Paste
55%
Couloir Corridor / Hall / Hallway
55%
CV CV / Résumé
55%
Tremblement de terre Earthquake
55%
Soif Thirst
55%
Âne Ass / Donkey
54%
Coiffeur Barber / Hairdresser / Hairstylist
54%
Champ de bataille Battlefield
54%
Boucher (métier) Butcher
54%
Chameau Camel
54%
Vitre Pane / Window
54%
Serviette (pour se sécher) Towel
54%
Cellule Cell
53%
Usine Factory / Plant
53%
Hyène Hyena
53%
Citron vert Lime
53%
Squelette Skeleton
53%
Mettre à jour Update
52%
Facture Bill / Invoice
51%
Électricien Electrician
51%
Recette (d'un plat) Recipe
51%
Cheville Ankle
50%
Embaucher (quelqu'un) Appoint / Hire / Take on
50%
Léopard Leopard
50%
Salon Living room
50%
Abricot Apricot
49%
Front Brow / Forehead
49%
Hippopotame Hippopotamus
49%
Blessure Injury / Wound
49%
Pétrole Oil / Petroleum
49%
Hibou Owl
49%
Parrain Godfather
48%
Échelle (outil) Ladder
48%
Rhinocéros Rhinoceros
48%
Gorge Throat
48%
Violon Violin
48%
Plombier Plumber
47%
Trou noir (astrophysique) Black hole
46%
Trousse (d'écolier) Pencil case
46%
Sagittaire (signe astro) Sagittarius
46%
Barbe à papa Candy floss / Cotton candy
45%
Surligneur Highlighter
45%
Hanche Hip
45%
Coquillage Shell / Seashell
45%
Queue (d'un animal) Tail
45%
Chatouiller Tickle
45%
Vierge (signe astro) Virgo
45%
Balai Broom
44%
Refroidir Chill / Cool
44%
Citer Cite / Quote
44%
Sécheresse Drought / Dryness
44%
Cil Eyelash / Lash
44%
Kangourou Kangaroo
44%
Nièce Niece
44%
Perroquet Parrot
44%
Hippocampe Seahorse
44%
Chirurgien Surgeon
44%
Mouchoir Tissue
44%
Taureau Bull
43%
Cancer (signe astro) Cancer
43%
Coude Elbow
43%
Portail Gate / Portal
43%
Fusée Rocket
43%
Actuellement At the moment / Currently
42%
Mâchoire Jaw / Jawbone
42%
Gaspiller Misspend / Squander / Waste
42%
Acier Steel
42%
Arobase At
41%
Charpentier Carpenter
41%
Vapeur Condensation / Steam / Vapour
41%
Vague de chaleur Heat wave
41%
Arbitre Referee
41%
Retraite Retirement
41%
Déchirer Rip / Tear
41%
Enquêter Investigate
40%
Toile d'araignée Cobweb / Spiderweb
39%
Brouillard Fog
39%
Coccinelle Ladybird / Ladybug
39%
Poissons (signe astro) Pisces
39%
Scie Saw
39%
Tournevis Screwdriver
39%
Veuve Widow
39%
Banquier Bank adviser / Banker / Bank manager
38%
Bronze (métal) Bronze
38%
Capricorne (signe astro) Capricorn
38%
Rideau Curtain / Drape
38%
Eau potable Drinking water / Potable water
38%
Stagiaire Intern / Trainee
38%
Fer (métal) Iron
38%
Bijoutier Jeweller
38%
Carte postale Postcard
38%
Framboise Raspberry
38%
Ceinture de sécurité Seat belt
38%
Graine Seed
38%
Taureau (signe astro) Taurus
38%
Arroser Water
38%
Roman Novel
37%
Flocon de neige Snowflake
37%
Cygne Swan
37%
Chair Flesh
36%
Grippe (maladie) Flu
36%
Bouton (d'acné) Pimple / Spot
36%
Tousser Cough
35%
Poisson rouge Goldfish
35%
Agneau Lamb
35%
Majeur (doigt) Middle finger
35%
Voie Lactée Milky Way
35%
Logiciels Software
35%
Coq Cock / Rooster
34%
Virgule Comma
34%
Libellule Dragonfly
34%
Lentille Lens / Lentil
34%
Queue de cheval Ponytail
34%
Navigateur (internet) Browser
33%
Touche (de clavier) Key
33%
Foie Liver
33%
Orphelin Orphan
33%
Témoin Witness
33%
Cafard (insecte) Cockroach
32%
Point d'exclamation Exclamation mark / Exclamation point
32%
Couler Flow / Run / Sink
31%
Enfant unique Only child
31%
Fournisseur Provider / Supplier
31%
Transports en commun Public transit / Public transport
31%
Guêpe Wasp
31%
Paupière Eyelid / Lid
30%
Fleuriste Florist
30%
Lion (signe astro) Leo
30%
Parler couramment Speak fluently
30%
Grenier Attic / Loft
29%
Ingénieur Engineer
29%
Bibliothécaire Librarian
29%
Facteur Mailman / Postman
29%
Bâiller Yawn
29%
Blanc d'œuf Egg white
28%
Faire un clin d'œil Wink
28%
Algues Algae / Seaweed
27%
Caddie Cart / Trolley
27%
Pharmacien Chemist / Pharmacist
26%
Perceuse Drill
26%
Serpillère Floorcloth / Mop
26%
Point d'interrogation Question mark
26%
Sac réutilisable Reusable bag
26%
Développement durable Sustainable development
26%
Tir à l'arc Archery
25%
Mûre (fruit) Blackberry
25%
Trier Classify / Sort
25%
Classeur File / Folder
25%
Autruche Ostrich
25%
Eau du robinet Tap water
25%
Grain de beauté Beauty spot / Mole
24%
Cuivre (métal) Copper
24%
Permis de conduire Driving licence
24%
Balance (signe astro) Libra
24%
Foudre Lightning
24%
Interrupteur Switch
24%
Bélier (signe astro) Aries
23%
Estuaire Estuary
23%
Famine Famine / Starvation
23%
Hérisson Hedgehog
23%
Auriculaire Little finger
23%
Sage-femme Midwife
23%
Pelle Shovel / Spade
23%
Timbre (postal) Stamp
23%
Voyelle Vowel
23%
Piste cyclable Bicycle lane / Bicycle path
22%
Rein (organe) Kidney
22%
Phare (tour) Lighthouse
21%
Marin (métier) Sailor
21%
Mouette Seagull
21%
Crapaud Toad
21%
Pair (divisible par deux) Even
20%
Orthographe Spelling
20%
Rester sans voix To be speechless
20%
Éolienne Windmill / Wind turbine
20%
Fil électrique Wire
20%
Brume Haze / Mist
19%
Annulaire Ring finger
19%
Vis Screw
19%
Aigre Sharp / Sour / Tart
19%
Postuler à un emploi Apply for a job
18%
Abribus Bus shelter
18%
Taille-crayon Pencil sharpener
18%
Verseau (signe astro) Aquarius
17%
Guépard Cheetah
17%
Barrage Dam / Flood barrier
17%
Froncer (les sourcils) Frown
17%
Fuite (écoulement) Leak
17%
Serrurier Locksmith
17%
Bûcheron Logger / Woodcutter
17%
Jeu de mots Play on words / Pun
17%
Écran tactile Touch screen
17%
Aspirateur Hoover / Vacuum cleaner
16%
Pivert Woodpecker
16%
Castor Beaver
15%
Craie Chalk / Limestone
15%
Châtaigne Chestnut
15%
Cabillaud Cod
15%
Courbe Curve
15%
Siège social Head office / Headquarters
15%
Azote Nitrogen
15%
Merle Blackbird
14%
Mécanicien Mechanic
14%
Cour de récréation Playground / Schoolyard
14%
Code postal Postcode / Zip code
14%
Tri sélectif Recycling / Selective sorting
14%
Libraire Bookseller / Bookshop owner / Bookstore owner
13%
Trimestre Quarter / Term
13%
Eaux usées Sewage / Waste water
13%
Truite Trout
13%
Index (doigt) Index finger
12%
Taupe Mole
12%
Être majeur To be an adult / To be of age / To be over 18
12%
Colonne vertébrale Backbone / Spinal column
11%
Cartouche Cartridge
10%
Niche Kennel
10%
Ride Wrinkle
10%
Égout Drain / Sewer
9%
Pamplemousse Grapefruit
9%
Impair (non divisible par deux) Odd
9%
Accolade (ponctuation) Brace / Bracket
8%
Lettre de motivation Cover letter
8%
Chiffre d'affaires Turnover
7%
Tondre la pelouse Cut the lawn / Mow the lawn
6%
Espadon (poisson) Espada / Swordfish
6%
Plomb (métal) Lead
6%
Myope Nearsighted / Myopic / Short-sighted
6%
Marchand de fruits et légumes Greengrocer
5%
Escabeau Stepladder
4%
France Travail France Employment / France Travail
3%
Prune (fruit) Plum
3%
Brouette Wheelbarrow
3%
Brebis Ewe
2%
Couturier Couturier / Dressmaker
0%
Grêle Hail
0%
Aucun quiz correspondant
Distribution des résultats
% des personnes avec chaque résultat
Percentile par nombre de réponses
Votre historique - résultats
Vous n’avez pas pris ce quiz depuis la dernière actualisation